| 000 | 00598nam a2200217Ia 4500 | ||
|---|---|---|---|
| 001 | 980 | ||
| 003 | GE_BSU | ||
| 008 | 181216s||||||||xx |||||||||||||| ||und|| | ||
| 040 | _cGE_BSU | ||
| 080 | _a94(55)"653 | ||
| 100 | _aЛуконин,В.Г. | ||
| 245 | _aДревний и ранне средневековый Иран | ||
| 245 | _bОчерки истории культуры | ||
| 260 | _aМосква | ||
| 260 | _bНаука | ||
| 260 | _c1987 | ||
| 300 | _a296стр. | ||
| 541 | _h7л. | ||
| 653 | _aДревний и ранне средневековый Иран | ||
| 942 | _cBK | ||
| 999 |
_c35138 _d35138 |
||